Guinness World Records 2013 / (Record no. 683)

MARC details
000 -LEADER
fixed length control field 01202cam a2200277Ia 4500
003 - CONTROL NUMBER IDENTIFIER
control field data
005 - DATE AND TIME OF LATEST TRANSACTION
control field 20260322212030.0
008 - FIXED-LENGTH DATA ELEMENTS--GENERAL INFORMATION
fixed length control field data
020 ## - INTERNATIONAL STANDARD BOOK NUMBER
International Standard Book Number 9781904994879
020 ## - INTERNATIONAL STANDARD BOOK NUMBER
International Standard Book Number 1904994873
040 ## - CATALOGING SOURCE
Original cataloging agency BTCTA
Language of cataloging eng
Transcribing agency BTCTA
Modifying agency OCLCO
-- YDXCP
-- SAP
-- IJV
-- JBO
-- OS3
-- OCLCO
050 14 - LIBRARY OF CONGRESS CALL NUMBER
Classification number AG243
Item number .G87 2012
092 ## - LOCALLY ASSIGNED DEWEY CALL NUMBER (OCLC)
Classification number 032 G87 2013
001 - CONTROL NUMBER
control field data
245 10 - TITLE STATEMENT
Title Guinness World Records 2013 /
Statement of responsibility, etc. Craig Glenday & Guinness World Records Limited.
260 ## - PUBLICATION, DISTRIBUTION, ETC.
Place of publication, distribution, etc. [England] :
Name of publisher, distributor, etc. Jim Pattison Group,
-- Jim Pattison Group,
Date of publication, distribution, etc. 2012.
300 ## - PHYSICAL DESCRIPTION
Extent 287 p. :
Other physical details col. ill. ;
Dimensions 31 cm.
500 ## - GENERAL NOTE
General note Includes index.
500 ## - GENERAL NOTE
General note "Discover a world of new records" --Cover.
500 ## - GENERAL NOTE
General note "Augmented reality ; see it 3D" --Cover.
520 ## - SUMMARY, ETC.
Summary, etc. Contains thousands of records that span every field of human and non-human endeavors, including science and technology, animals, sports, geography, arts and entertainment, education, hobbies and pastimes, unusual rituals, and many others. Guinness World Records 2013 is crammed with new and updated records, and never-before-seen photography.
650 #0 - SUBJECT ADDED ENTRY--TOPICAL TERM
Topical term or geographic name entry element World records.
650 #0 - SUBJECT ADDED ENTRY--TOPICAL TERM
Topical term or geographic name entry element Curiosities and wonders.
700 1# - ADDED ENTRY--PERSONAL NAME
Personal name Glenday, Craig.
710 2# - ADDED ENTRY--CORPORATE NAME
Corporate name or jurisdiction name as entry element Guinness World Records Limited.
Holdings
Withdrawn status Lost status Damaged status Not for loan Home library Current library Shelving location Date acquired Total checkouts Full call number Barcode Date last seen Price effective from Koha item type
        Centerville Centerville General stacks 22/03/2026   AG243 .G87 2012 BC0010700 22/03/2026 22/03/2026 Books